| Tag |
First Indicator |
Second Indicator |
Subfields |
| LEADER |
00000nam a2200000 i 4500 |
| 001 |
in00004597513 |
| 006 |
m o d f |
| 007 |
cr ||||||||||| |
| 008 |
220920s2022 dcua ob f000 0 eng c |
| 005 |
20221014213510.5 |
| 035 |
|
|
|a (OCoLC)on1345257044
|
| 040 |
|
|
|a GPO
|b eng
|e rda
|e pn
|c GPO
|d MvI
|
| 042 |
|
|
|a pcc
|
| 043 |
|
|
|a n-us---
|
| 049 |
|
|
|a WWW
|
| 074 |
|
|
|a 1020-C (online)
|
| 086 |
0 |
|
|a Y 4.J 89/1:117-28
|
| 088 |
|
|
|a Serial no. 117-28 (United States. Congress. House. Committee on the Judiciary)
|
| 110 |
1 |
|
|a United States.
|b Congress.
|b House.
|b Committee on the Judiciary.
|b Subcommittee on the Constitution, Civil Rights, and Civil Liberties,
|e author.
|
| 245 |
1 |
0 |
|a Potential remedies for unlawful evictions in federal emergency areas :
|b hearing before the Subcommittee on the Constitution, Civil Rights, and Civil Liberties of the Committee on the Judiciary, U.S. House of Representatives, One Hundred Seventeenth Congress, first session, Monday, June 14, 2021.
|
| 264 |
|
1 |
|a Washington :
|b U.S. Government Publishing Office,
|c 2022.
|
| 300 |
|
|
|a 1 online resource (iii, 69 pages) :
|b color illustrations
|
| 336 |
|
|
|a text
|b txt
|2 rdacontent
|
| 337 |
|
|
|a computer
|b c
|2 rdamedia
|
| 338 |
|
|
|a online resource
|b cr
|2 rdacarrier
|
| 500 |
|
|
|a "Serial no. 117-28."
|
| 500 |
|
|
|a GPO Cataloging Record Distribution Program (CRDP).
|
| 504 |
|
|
|a Includes bibliographical references.
|
| 588 |
|
|
|a Description based on online resource; title from PDF title screen (GovInfo, viewed Sept. 20, 2022).
|
| 650 |
|
0 |
|a Eviction
|z United States.
|
| 650 |
|
0 |
|a Landlord and tenant
|z United States.
|
| 650 |
|
0 |
|a Disaster relief
|z United States.
|
| 650 |
|
0 |
|a COVID-19 Pandemic, 2020-
|z United States.
|
| 655 |
|
7 |
|a Legislative hearings.
|2 lcgft
|
| 776 |
0 |
8 |
|i Print version:
|a United States. Congress. House. Committee on the Judiciary. Subcommittee on the Constitution, Civil Rights, and Civil Liberties.
|t Potential remedies for unlawful evictions in federal emergency areas.
|w (OCoLC)1344497531
|
| 856 |
4 |
0 |
|u https://purl.fdlp.gov/GPO/gpo186818
|t 0
|
| 999 |
f |
f |
|s 085dd7ea-2c62-4171-bd74-67b71f27d70f
|i 0028ca54-fe82-4b86-8e20-3db3694e68fe
|t 0
|
| 952 |
f |
f |
|a Texas A&M University
|b College Station
|c Electronic Resources
|d Available Online
|t 0
|e Y 4.J 89/1:117-28
|h Superintendent of Documents classification
|
| 998 |
f |
f |
|a Y 4.J 89/1:117-28
|t 0
|l Available Online
|